|
|
|
|
| LEADER |
01319nam a2200361 a 4500 |
| 001 |
EBC1681445 |
| 003 |
MiAaPQ |
| 005 |
20200520144314.0 |
| 006 |
m o d | |
| 007 |
cr cn||||||||| |
| 008 |
050427s2003 si a sb 001 0 eng d |
| 010 |
|
|
|z 2005297674
|
| 020 |
|
|
|z 981238443X
|
| 020 |
|
|
|z 9812384448 (pbk.)
|
| 035 |
|
|
|a (MiAaPQ)EBC1681445
|
| 035 |
|
|
|a (Au-PeEL)EBL1681445
|
| 035 |
|
|
|a (CaPaEBR)ebr10255867
|
| 035 |
|
|
|a (CaONFJC)MIL195606
|
| 035 |
|
|
|a (OCoLC)815755892
|
| 040 |
|
|
|a MiAaPQ
|c MiAaPQ
|d MiAaPQ
|
| 050 |
|
4 |
|a HG4529
|b .W425 2003
|
| 245 |
0 |
0 |
|a Wealth forever
|h [electronic resource] :
|b the analytics of stock markets /
|c Sarkis Joseph Khoury ... [et al.].
|
| 260 |
|
|
|a Singapore ;
|a River Edge, N.J. :
|b World Scientific,
|c c2003.
|
| 300 |
|
|
|a x, 564 p. :
|b ill. (some col.).
|
| 504 |
|
|
|a Includes bibliographical references and index.
|
| 533 |
|
|
|a Electronic reproduction. Ann Arbor, MI : ProQuest, 2015. Available via World Wide Web. Access may be limited to ProQuest affiliated libraries.
|
| 650 |
|
0 |
|a Investment analysis.
|
| 650 |
|
0 |
|a Stock exchanges.
|
| 650 |
|
0 |
|a Stocks.
|
| 655 |
|
4 |
|a Electronic books.
|
| 700 |
1 |
|
|a Khoury, Sarkis J.
|
| 710 |
2 |
|
|a ProQuest (Firm)
|
| 856 |
4 |
0 |
|u https://ebookcentral.proquest.com/lib/matrademy/detail.action?docID=1681445
|z Click to View
|